| 000 | nam a22 7a 4500 | ||
|---|---|---|---|
| 999 |
_c129421 _d129421 |
||
| 008 | 190423b xxu||||| |||| 00| 0 eng d | ||
| 020 | _a0-415-07006-6 | ||
| 050 | _aBT102.M55 1992 | ||
| 100 |
_aMiller, Berry _945862 |
||
| 245 |
_aFrom existence to God _c/ by Barry Miller |
||
| 260 |
_aLondon: _bRoutledge, _cc1992. |
||
| 300 |
_a205p. ; _c28cm. |
||
| 650 |
_aGod _xproof _9148 |
||
| 650 |
_aMetaphysics _945863 |
||
| 650 |
_aLogic _945864 |
||
| 942 |
_2lcc _cMONOGRAPH |
||